Metodologičeskije aspekty issledovanija ekonomiki severa
Salvato in:
| Autore principale: | |
|---|---|
| Altri autori: | |
| Natura: | Libro |
| Lingua: | russo |
| Pubblicazione: |
Novosibirsk
Nauka
1987
|
| Edizione: | 1. izd. |
| Tags: |
Nessun Tag, puoi essere il primo ad aggiungerne!!
|
MARC
| LEADER | 00000nam a2200000 4500 | ||
|---|---|---|---|
| 001 | c024654 | ||
| 005 | 20230222081815.8 | ||
| 041 | 0 | |a rus | |
| 044 | |a RU | ||
| 245 | 1 | 0 | |a Metodologičeskije aspekty issledovanija ekonomiki severa |c Jegor Grigor'jevič Jegorov, Svetlana Nikolajevna Liščenjuk |
| 250 | |a 1. izd. | ||
| 264 | 1 | |a Novosibirsk |b Nauka |c 1987 | |
| 300 | |a 243 s. | ||
| 100 | 1 | |a Jegorov, Jegor Grigor'jevič | |
| 700 | 1 | |a Liščenjuk, Svetlana Nikolajevna | |